| 000 | 00843cab a2200241 4500 | ||
|---|---|---|---|
| 001 | ABS54014 | ||
| 008 | 090401t1995 xxu||||| |||| 00| 0 eng d | ||
| 035 | _a(Sirsi) u7882 | ||
| 041 | _aeng | ||
| 100 | _aKemp, M. | ||
| 245 | _aDrafting the rent review clause | ||
| 260 | _c1995 | ||
| 350 | _a0 | ||
| 490 |
_aRent Review & Lease Renewal _v15(4) 1995, 17-23(7) |
||
| 520 | _aConsiders how to draft a rent review clause effectively, considering devices such as trigger notices, counter notices, `time of the essence` clauses, upward and downward reviews, experts, arbitrators and the consequences of failure to comply. | ||
| 650 | _aCOUNTER NOTICE | ||
| 650 | _aRENT REVIEW CLAUSES | ||
| 650 | _aTIME OF THE ESSENCE | ||
| 650 | _aTRIGGER NOTICES | ||
| 690 | _aLANDLORD AND TENANT-RENT REVIEWS | ||
| 942 | _n0 | ||
| 948 | _c04/03/1997 | ||
| 999 |
_c4799 _d4799 |
||